| 000 | 00600nam a2200217Ia 4500 | ||
|---|---|---|---|
| 005 | 20260115172748.0 | ||
| 008 | 008 260114s9999 xx 000 0 eng d | ||
| 020 | _a9781447335870 | ||
| 037 | _aEBOOK | ||
| 040 |
_aCRL _beng _cCRL |
||
| 041 |
_aeng _2eng |
||
| 084 | _qCRL | ||
| 100 |
_aTheodoropoulou _9878426 |
||
| 245 | 0 | _aLabour Market Policies in the Era of Pervasive Austerity | |
| 260 | _bBristol University Press | ||
| 260 | _bCambridge University Press | ||
| 260 | _c2022 | ||
| 856 | _uhttps://doi.org/10.46692/9781447335870 | ||
| 942 | _cEBOOK | ||
| 999 |
_c1477031 _d1477031 |
||